Real analysis and applications : theory and practice

Αποθηκεύτηκε σε:
Λεπτομέρειες βιβλιογραφικής εγγραφής
Κύριος συγγραφέας: Davidson, Kenneth R.
Άλλοι συγγραφείς: Donsig, Allan P.
Μορφή: Βιβλίο
Γλώσσα:English
Δημοσίευση: New York : Springer, c2010
Σειρά:Undergraduate texts in mathematics
Θέματα:
Ετικέτες: Προσθήκη ετικέτας
Δεν υπάρχουν, Καταχωρήστε ετικέτα πρώτοι!

MARC

LEADER 00000nam a2200000 i 4500
001 1/12350
008 110309s2010 eng d
020 |a 978-0-387-98097-3 
035 |l 10109752 
040 |a GR-MY-UA  |b gre  |e aacr 
041 0 |a eng 
082 0 |a 515  |2 (22) 
100 1 |a Davidson, Kenneth R. 
245 1 0 |a Real analysis and applications :  |b theory and practice /  |c Kenneth R. Davidson, Allan P. Donsig 
260 |a New York :   |b Springer,   |c c2010 
300 |a xii, 513 σ.;  |b διαγρ.;  |c 24 εκ. 
490 1 |a Undergraduate texts in mathematics 
504 |a Βιβλιογραφία: σ.505-506 
504 |a Ευρετήριο: σ.507-513 
650 0 0 |a Mathematical analysis. 
700 1 |a Donsig, Allan P. 
830 0 |a Undergraduate texts in mathematics 
852 |a INST  |b CHIOS  |e 20110309  |h 515 DAV  |p 005200031299  |q 005200031299  |t BK  |y 0 
901 |a BIBL2-2011-1 
909 |a Χ  |b 166817 
922 |a 2ΕΛΗ  |b 201011  |c ΤΑΚ/ΤΔΕ  |d ΜΙΧΑΛΟΠΟΥΛΟΣ 
970 |a ΣΠΕΝΤΖΑ  |b ΕΛΕΝΗ  |z 2011/03/09